Man, responsible and caring. (Record no. 14710)

000 -LEADER
fixed length control field 00586nam a2200205 a 4500
001 - CONTROL NUMBER
control field :::00012543$&:&@@
003 - CONTROL NUMBER IDENTIFIER
control field OkBaRHE
005 - DATE AND TIME OF LATEST TRANSACTION
control field 20000607103420.0
008 - FIXED-LENGTH DATA ELEMENTS--GENERAL INFORMATION
fixed length control field s1977 j 000 0 eng u
040 ## - CATALOGING SOURCE
Transcribing agency
100 1# - MAIN ENTRY--PERSONAL NAME
Personal name Coble, Harold H.
245 10 - TITLE STATEMENT
Title Man, responsible and caring.
260 ## - PUBLICATION, DISTRIBUTION, ETC. (IMPRINT)
Place of publication, distribution, etc Nashville, TN., :
Name of publisher, distributor, etc Broadman Press
Date of publication, distribution, etc c1977
300 ## - PHYSICAL DESCRIPTION
Extent 152 p. ;
Dimensions 22 cm.
650 ## - SUBJECT ADDED ENTRY--TOPICAL TERM
Topical term or geographic name as entry element Husbands
650 ## - SUBJECT ADDED ENTRY--TOPICAL TERM
Topical term or geographic name as entry element Marriage
650 ## - SUBJECT ADDED ENTRY--TOPICAL TERM
Topical term or geographic name as entry element Men
General subdivision Conduct of Life
942 ## - ADDED ENTRY ELEMENTS (KOHA)
Source of classification or shelving scheme
Koha item type Books
Copies
Barcode Price effective from Lost status Damaged status Full call number Source of classification or shelving scheme Withdrawn status Copy number Shelving location Not for loan Koha item type Date acquired Date last seen Permanent Location
125432010-04-14  HQ 756 .C6  1General Stacks Books2010-04-142010-04-14RHEMA Bible Training College